01160cam a2200277 a 450000500170000000800410001701500170005802000150007504000240009004100080011404300120012208200170013424502980015126000640044930000360051350000280054965000460057765000500062370000260067370000290069970000330072870000350076170000270079670000310082370000280085420160215162012.0970704r1996 ck a gr 00010 spa d ack-1996-xxxx a9589550479 ala cladCO-BoIAVH 0 aspa as-ck---04a574.5 bA72 00aArchipiélagos del Caribe colombiano / ctexto general Marcela Cano Correa, Jairo Valderrama Barco, Fabián Navarrete Levás ; fotografía Camilo Gómez Durán ; diseño y diagramación Santiago Montes Vera ; corrección de estilo Helena Iriarte Núñez ; mapas Carlos Prieto Amaya. aSantiago de Cali : bBanco de Occidente Credencial, c1996. a205 paginas. : bil. ; c34 cm. aIncluye bibliografía. aEcosistemasz Caribe (Región, Colombia) 6aArchipiélagosz Región Caribe Colombiana.1 aCano Correa, Marcela.1 aValderrama Barco, Jairo.1 aNavarrete Levás, Fabián.1 aGómez Durán, Camilo, eil.1 aMontes Vera, Santiago.1 aIriarte Núñez, Helena.1 aPrieto Amaya, Santiago.